000 00379nam a22001457a 4500
008 210514b ||||| |||| 00| 0 eng d
020 _a304520202884233
041 _aeng
080 _29th
_a316
082 _a316
100 _a50
101 _aSOC
245 _aCharacteristics of Emotional and Behavioral Disorders of Children and Youth
_cJames M. Kauffman
942 _2udc
_cBK
999 _c57329
_d57329